000 00643cam a22002413a 4500
001 16909
003 PGUSA
005 20140828083347.0
008 051020s2005||||xxu|||||s|||||000 1 eng d
040 _aPGUSA
_beng
042 _adc
050 4 _aPS
100 1 _aVon Hutten, Bettina,
_d1874-1957
245 1 4 _aThe Halo
_h[electronic resource] /
_cBettina Von Hutten
260 _bProject Gutenberg,
_c2005
506 _aPublic domain in the USA.
516 _aElectronic text
653 _aFiction
700 1 _aJustice, Martin
830 0 _aProject Gutenberg
_v16909
856 4 0 _uhttp://www.gutenberg.org/ebooks/16909
942 _cEB
999 _c246164
_d246164